00397 a2200145 4500003000400000005001700004008004100021020001800062040000900080082001500089100002200104245007800126260003800204300000900242OSt20231123140526.0231123b |||||||| |||| 00| 0 eng d a9789384294816 coclc a547bMIT/R aMitra, Asok Kumar aReactions,Reagents and synthesis in Organic Chemistry /cAsok Kumar Mitra aKolkata:bBooks and allied,c2016 a398p